| Tag |
First Indicator |
Second Indicator |
Subfields |
| LEADER |
00000cam a2200000 a 4500 |
| 001 |
in00001224607 |
| 005 |
20151002093833.0 |
| 008 |
940407s1995 mdu b 001 0 eng |
| 010 |
|
|
|a 94013816
|
| 020 |
|
|
|a 1557507287
|
| 035 |
|
|
|a (OCoLC)30356140
|
| 035 |
|
|
|9 AGQ6245AM
|
| 040 |
|
|
|a DLC
|c DLC
|d TXA
|d UtOrBLW
|
| 043 |
|
|
|a n-us---
|
| 049 |
|
|
|a TXAM
|
| 050 |
0 |
0 |
|a E599.A3
|b R58 1994
|
| 082 |
0 |
0 |
|a 973.7/57
|2 20
|
| 090 |
|
|
|a E599.A3
|b R58 1995
|
| 100 |
1 |
|
|a Robinson, Charles M.,
|d 1949-
|
| 245 |
1 |
0 |
|a Shark of the Confederacy :
|b the story of the CSS Alabama /
|c Charles M. Robinson III.
|
| 264 |
|
1 |
|a Annapolis, MD :
|b Naval Institute Press,
|c [1995]
|
| 264 |
|
4 |
|c ©1995
|
| 300 |
|
|
|a xii, 212 pages :
|b illustrations ;
|c 24 cm.
|
| 336 |
|
|
|a text
|b txt
|2 rdacontent
|
| 337 |
|
|
|a unmediated
|b n
|2 rdamedia
|
| 338 |
|
|
|a volume
|b nc
|2 rdacarrier
|
| 504 |
|
|
|a Includes bibliographical references and index.
|
| 610 |
2 |
0 |
|a Alabama (Screw sloop)
|
| 651 |
|
0 |
|a United States
|x History
|y Civil War, 1861-1865
|x Naval operations.
|
| 650 |
|
0 |
|a Privateering
|z United States
|x History
|y 19th century.
|
| 999 |
|
|
|a MARS
|
| 999 |
f |
f |
|s 1b37f6df-e833-3947-91b1-7e929188b8ac
|i ca0dd0b1-7901-334b-bd74-723e63692e02
|t 0
|
| 952 |
f |
f |
|p normal
|a Texas A&M University
|b College Station
|c Sterling C. Evans Library
|d Evans: Library Stacks
|t 0
|e E599.A3 R58 1995
|h Library of Congress classification
|i unmediated -- volume
|m A14818876763
|
| 998 |
f |
f |
|a E599.A3 R58 1995
|t 0
|l Evans: Library Stacks
|